01509nam a22003377a 4500003000900000005001700009007000300026008004100029020001800070040003000088082002800118100004700146245006100193260001000254264004800264300002900312336002700341337003300368338002800401500006300429505029800492590002700790650003500817650002400852650002600876651007600902910004200978942001201020952012201032999001701154DO-SdBPM20260430140809.0ta211103b2019 dr ||||| |||| 00| 0 eng d a9789945806847 aDO-SdBPMbspacBPMSUdrda 4aRD863.5bC957u 20192221 aCruz, Santiago de la,d1961-4aut.eautor 10aUn guardia en la Era de Trujillo /cSantiago de la Cruz. c2019. aSanto Domingo :bEditorial Santuario,c2019 a196 páginas ;c23 cm. atextobtxt2rdacontent asin mediaciónbn2rdamedia avolumenbnc2rdacarrier aIncluye datos biográficos del autor en la contracubierta0 aDedicatoria, 7.-- Agradecimientos, 9.-- Un sueño: una ilusión, 11.-- El centro, 25.-- Manfredo, 46.-- La misión, 63.-- Persecuciones y apresamiento, 85.-- Luis Quinn, 101.-- El traslado, 115.-- No los volvieron a ver, 138.-- La tragedia, 153.-- Nace la esperanza, 168.-- El regreso, 183. aInventariado, 2026/VM  7aNovela histórica dominicana  7a Militares vNovela 7aLiteratura dominicana 7aRepública Dominicana xHistoria yEra de Trujillo, 1930-1961vNovela  aVMateo V. . Control de calidad BPMSU  2ddccBK 00102ddc708CDaBPMETbBPMETd2026-04-30l0oBPMSU CD RD863.5 C957u 2019pBPMSU26040056r2026-04-30w2026-04-30yBK c15810d15810